Global climate action (Record no. 121111)
[ view plain ]
| 000 -LEADER | |
|---|---|
| fixed length control field | 00980nam a22001697a 4500 |
| 001 - CONTROL NUMBER | |
| control field | K121111 |
| 008 - FIXED-LENGTH DATA ELEMENTS--GENERAL INFORMATION | |
| fixed length control field | 190716b2019 ||||| |||| 00| 0 eng d |
| 041 ## - LANGUAGE CODE | |
| Language code of text/sound track or separate title | eng |
| 110 ## - MAIN ENTRY--CORPORATE NAME | |
| 9 (RLIN) | 2749 |
| Corporate author | United Nations |
| 245 ## - TITLE STATEMENT | |
| Title | Global climate action |
| 520 ## - ABSTRACT | |
| Abstract | The Global Climate Action portal is an online platform where actors from around the globe - countries, regions, cities, companies, investors and other organizations - can display their commitments to act on climate change.Launched by UN Climate Change, Peru and France in 2014, the portal was born of the realization that addressing climate change will take ambitious, broad-based action from all segments of society, public and private. Crucially, it helped build momentum towards the adoption of the Paris Climate Agreement 2015. |
| 650 ## - KEYWORDS | |
| Keywords | Climate change |
| 650 ## - KEYWORDS | |
| Keywords | Social value |
| 651 ## - SUBJECT ADDED ENTRY--GEOGRAPHIC NAME | |
| Geographic name | International |
| 690 ## - LOCAL SUBJECT ADDED ENTRY--TOPICAL TERM (OCLC, RLIN) | |
| 9 (RLIN) | 6238 |
| Topical term or geographic name as entry element | Environment |
| 856 ## - ONLINE RESOURCE | |
| Uniform Resource Identifier | https://climateaction.unfccc.int |
| Public note | View the item at Climate Action |
| Withdrawn status | Lost status | Source of classification or shelving scheme | Damaged status | Not for loan | Home library | Current library | Shelving location | Date acquired | Total Checkouts | Date last seen | Price effective from | Koha item type |
|---|---|---|---|---|---|---|---|---|---|---|---|---|
| Dewey Decimal Classification | Virtual | Virtual | Online | 27/09/2019 | 27/09/2019 | 27/09/2019 | Online material |